Africa Tiles - Statistics

General Stats
  • This quiz has been taken 34 times
  • The average score is 35 of 45
Answer Stats
Question Tile Select % Correct
Island Nations in Africa Comoros Yes
100%
Countries that Speak Arabic Liberia No
100%
Island Nations in Africa Madagascar Yes
100%
Countries that Speak Arabic Morocco Yes
100%
Island Nations in Africa São Tomé and Príncipe Yes
100%
Island Nations in Africa Cape Verde Yes
96%
Capitals of South Africa Durban No
96%
Countries that Speak Arabic Egypt Yes
96%
Island Nations in Africa Mauritius Yes
96%
Island Nations in Africa Mozambique No
96%
Countries that Speak Arabic Nigeria No
96%
Capitals of South Africa Pretoria Yes
96%
Island Nations in Africa Seychelles Yes
96%
Island Nations in Africa Somalia No
96%
Island Nations in Africa Tunisia No
96%
Capitals of South Africa Antananarivo No
92%
Countries that Speak Arabic Ethiopia No
92%
Countries that Speak Arabic Libya Yes
92%
Countries that Speak Arabic Uganda No
92%
Countries that Speak Arabic Algeria Yes
88%
Capitals of South Africa Gaborone No
88%
Species of African Elephants Mediterranean No
88%
Capitals of South Africa Nairobi No
88%
Countries that Speak Arabic Tunisia Yes
88%
Capitals of South Africa Bloemfontein Yes
84%
Capitals of South Africa Cape Town Yes
84%
Capitals of South Africa Windhoek No
84%
Species of African Elephants Egyptian No
76%
Species of African Elephants Sahara No
72%
Species of African Elephants Desert No
68%
Species of African Elephants Indian No
68%
Capitals of South Africa Johannesburg No
68%
Species of African Elephants Rainforest No
68%
Countries with a ruler named Adolf Hitler in the 21st century Madagascar No
64%
Countries with a ruler named Adolf Hitler in the 21st century Ethiopia No
60%
Countries with a ruler named Adolf Hitler in the 21st century Morocco No
60%
Countries with a ruler named Adolf Hitler in the 21st century Nigeria No
60%
Countries with a ruler named Adolf Hitler in the 21st century Egypt No
56%
Species of African Elephants Savanna Yes
56%
Countries with a ruler named Adolf Hitler in the 21st century Eswatini (Swaziland) No
52%
Countries with a ruler named Adolf Hitler in the 21st century Liberia No
52%
Countries with a ruler named Adolf Hitler in the 21st century Angola No
48%
Species of African Elephants South African No
36%
Species of African Elephants Forest Yes
32%
Countries with a ruler named Adolf Hitler in the 21st century Namibia Yes
32%
No matching quizzes found
Score Distribution
Percent of People with Each Score
Percentile by Number Answered
Your Score History
You have not taken this quiz